[Event "21st CRO-Cup"]
[Site "Sibenik CRO"]
[Date "2012.05.19"]
[Round "5.21"]
[White "Cvitan,O"]
[Black "Saric,Iv"]
[Result "0-1"]
[WhiteElo "2541"]
[BlackElo "2632"]

1.d4 Nf6 2.c4 g6 3.Nc3 Bg7 4.e4 d6 5.Nf3 O-O 6.Be2 e5 7.Be3 Ng4 8.Bg5 f6
9.Bh4 g5 10.Bg3 Nh6 11.dxe5 dxe5 12.O-O Nc6 13.h3 Kh8 14.Qxd8 Nxd8 15.Rfd1 c6
16.b4 Ne6 17.Rac1 Nf7 18.c5 Rd8 19.Bc4 Bf8 20.Ne1 Rxd1 21.Rxd1 b5 22.cxb6 axb6
23.Nc2 Nd6 24.Bb3 c5 25.bxc5 bxc5 26.Bd5 Rb8 27.Ne3 Nd4 28.Rb1 Rb4 29.Kh2 Ba6
30.a3 Rxb1 31.Nxb1 Ne2 32.f3 Bd3 33.Nd2 Nc3 34.Bb3 Ndb5 35.Bc4 Bxc4 36.Ndxc4 Na4
37.h4 h6 38.h5 Kg7 39.Be1 Nd4 40.Ba5 Kf7 41.Kh3 Ke6 42.Kg4 Nc6 43.Bd2 Nd4
44.Kg3 Kd7 45.Nd5 Kc6 46.Nxf6 Kb5 47.Nxe5 c4 48.Nxc4 Kxc4 49.Bb4 Bg7 50.Ne8 Be5+
51.Kg4 Nc5 52.Bxc5 Kxc5 53.g3 Kc6 54.f4 Kd7 55.fxe5 Kxe8 56.a4 Ke7 57.a5 Ke6
58.a6 Nc6 59.Kf3 Kxe5 60.Ke3 g4 61.Kd2 Kxe4 62.Kc3 Kf3 63.Kc4 Kxg3 64.Kc5 Na7
65.Kb6 Kh4  0-1

[Event "21st CRO-Cup"]
[Site "Sibenik CRO"]
[Date "2012.05.19"]
[Round "5.73"]
[White "Curic,D"]
[Black "Malenica,M"]
[Result "1/2-1/2"]
[WhiteElo "2251"]
[BlackElo "2230"]

1.d4 Nf6 2.c4 g6 3.Nc3 Bg7 4.e4 d6 5.Nf3 O-O 6.Be2 Na6 7.O-O e5 8.Be3 Ng4
9.Bg5 Qe8 10.dxe5 h6 11.Bh4 dxe5 12.Nd5 g5 13.Bg3 c6 14.Nd2 cxd5 15.Bxg4 dxe4
16.Bxc8 Rxc8 17.Nxe4 Qc6 18.f3 f5 19.Nc3 Qxc4 20.Re1 Rfd8 21.Qc2 e4 22.fxe4 f4
23.Bf2 Nb4 24.Qe2 Nd3 25.Red1 Kh7 26.Rf1 a6 27.Ba7 b5 28.Qg4 Nxb2 29.Qf5+ Kg8
30.Nd5  1/2-1/2

[Event "50th ch-IND Challengers 2012"]
[Site "Tirupati IND"]
[Date "2012.05.19"]
[Round "2.11"]
[White "Dahale,A"]
[Black "Ramnath,B"]
[Result "0-1"]
[WhiteElo "2124"]
[BlackElo "2355"]

1.d4 Nf6 2.c4 g6 3.Nc3 Bg7 4.e4 d6 5.Nf3 O-O 6.Be2 e5 7.O-O exd4 8.Nxd4 Re8
9.f3 c6 10.Kh1 Nh5 11.f4 Qh4 12.Kg1 Na6 13.Nf3 Qe7 14.Bd3 Nc5 15.Re1 Bg4
16.Bc2 f5 17.h3 Bxf3 18.Qxf3 Bd4+ 19.Kh2 Nf6 20.Ne2 fxe4 21.Qf1 Ng4+ 22.Kh1 Bf2
23.Rd1 Be3 24.Re1 Bf2 25.Rd1 Be3 26.Re1 Bxc1 27.Nxc1 Qh4 28.g3 Qh6 29.Kg2 Nf6
30.b4 Ne6 31.Ne2 Rad8 32.Rad1 Qg7 33.Nc3 d5 34.cxd5 cxd5 35.Bb3 Nc7 36.Qf2 b6
37.Qd4 Kh8 38.g4 Ne6 39.Qf2 Nxg4 40.hxg4 Qxc3 41.Bxd5 e3 42.Rxe3 Nxf4+ 43.Qxf4 Rxe3  0-1

[Event "50th ch-IND Challengers 2012"]
[Site "Tirupati IND"]
[Date "2012.05.19"]
[Round "2.10"]
[White "Singh,PK"]
[Black "Sharma,Di"]
[Result "0-1"]
[WhiteElo "2131"]
[BlackElo "2362"]

1.d4 Nf6 2.c4 g6 3.Nc3 Bg7 4.e4 d6 5.Nf3 O-O 6.Be2 Na6 7.O-O e5 8.Be3 Ng4
9.Bg5 Qe8 10.h3 f6 11.hxg4 fxg5 12.dxe5 dxe5 13.Nxg5 Qe7 14.Nh3 Nc5 15.Nd5 Qd8
16.b4 Ne6 17.c5 c6 18.Ne3 Nd4 19.Nc4 Qh4 20.Nd6 Nxe2+ 21.Qxe2 Be6 22.f3 h5
23.Qf2 Qxf2+ 24.Nxf2 hxg4 25.Nxg4 b6 26.Ne3 Rfd8 27.Rfd1 bxc5 28.bxc5 Bf8
29.Rd2 Rab8 30.Rad1 Rb4 31.a3 Ra4 32.Rd3 Rb8 33.Rc3 Rd4 34.Rcd3 Bh6 35.Nc2 Rxd3
36.Rxd3 Rb1+ 37.Kh2 Rc1 38.Nb4 a5 39.Nxc6 Bf4+ 40.g3 Rc2+ 41.Kg1 Bxg3 42.Ne7+ Kg7
43.Nd5 Bh3 44.Ne3 Rc1+ 45.Rd1 Rxc5 46.Ndc4 Be6 47.Nf1 Bf4 48.Nce3 Rc3 49.Nd5 Rxf3
50.a4 Ra3 51.Nxf4 exf4 52.Rd6 Kf7 53.Nd2 g5 54.Ra6 Rd3 55.Nf1 Rd1 56.Ra7+ Kf6
57.Kg2 g4 58.Rxa5 Ra1 59.Nh2 Ra2+ 60.Kg1 g3 61.Nf3 Bh3 62.Ra6+ Ke7  0-1

[Event "e2e4 Amersham Open"]
[Site "Amersham ENG"]
[Date "2012.05.20"]
[Round "5"]
[White "Bonafont,P"]
[Black "Friedland,J"]
[Result "1-0"]
[WhiteElo "2055"]
[BlackElo "2148"]

1.d4 Nf6 2.Nf3 d6 3.c4 g6 4.Nc3 Bg7 5.e4 O-O 6.Be2 e5 7.d5 a5 8.Bg5 h6 9.Bh4 Na6
10.Nd2 Qe8 11.O-O h5 12.a3 Bd7 13.b3 Nh7 14.f3 Bh6 15.Qc2 f5 16.Rab1 g5 17.Bf2 f4
18.b4 axb4 19.axb4 g4 20.Kh1 Qg6 21.c5 g3 22.Bg1 Kh8 23.Rfc1 h4 24.Bf1 Rg8
25.Nc4 h3 26.cxd6 hxg2+ 27.Bxg2 Qh5 28.Qd1 Bh3 29.Rc2 Rg7 30.Nxe5 Ng5 31.Ng4 cxd6
32.Nb5 Nxe4 33.Bxh3 Qxh3 34.Bd4 Nf2+ 35.Bxf2 gxf2 36.Rxf2 Rg6 37.Nd4 Qh4
38.Nf5 Qh5 39.Nfxh6 Rxh6 40.Qd4+ Kh7 41.Re1 Re8 42.Rxe8 Qxe8 43.Nxh6 Qe1+
44.Kg2 Kxh6 45.Qxf4+ Kg7 46.Qg5+ Kh7 47.Qh4+ Kg7 48.Kh3 Kf7 49.Qh7+ Kf6 50.Rg2 Qf1
51.Qe4 Kf7 52.Qe6+ Kf8 53.Qxd6+ Ke8 54.Qe6+ Kd8 55.Qe2 Qb1 56.Rg8+ Kc7 57.Rg7+ Kb6
58.Qe3+ Kb5 59.Rxb7+ Ka4 60.Rb6 Qf1+ 61.Kg3 Nxb4 62.Qd4 Qe1+ 63.Kg4  1-0

[Event "Serbia Cup Final 2012"]
[Site "Kragujevac SRB"]
[Date "2012.05.20"]
[Round "7"]
[White "Pavlovic,Milos"]
[Black "Markovic,Miros1"]
[Result "1-0"]
[WhiteElo "2519"]
[BlackElo "2480"]

1.d4 Nf6 2.c4 d6 3.Nf3 g6 4.Nc3 Bg7 5.e4 O-O 6.Be2 Na6 7.O-O e5 8.Be3 c6
9.d5 Ng4 10.Bg5 f6 11.Bh4 h5 12.h3 Nh6 13.c5 Nxc5 14.b4 Nxe4 15.Nxe4 Nf5
16.Rc1 Bd7 17.Nxd6 Nxd6 18.Nxe5 Be8 19.dxc6 g5 20.c7 Qe7 21.Nc4 Ne4 22.Bf3 gxh4
23.Bxe4 Qxe4 24.Nd6 Qg6 25.c8=Q Rxc8 26.Nxc8 Kh8 27.Ne7 Qg5 28.Re1 f5 29.Rc8 Bf7
30.Rxf8+ Bxf8 31.Qd8 Kg7 32.Qd4+ Kh7 33.Qd7 f4 34.Qxb7 Bxa2 35.Qe4+ Kg7 36.Qd4+ Kf7
37.Qxa7 Bb3 38.Re5 Qxe5 39.Nc6+ Ke6 40.Nxe5 Kxe5 41.b5 Bd5  1-0

[Event "Orlova Open 2012"]
[Site "Orlova CZE"]
[Date "2012.05.21"]
[Round "1.16"]
[White "Lipus,D"]
[Black "Baier,Pav"]
[Result "0-1"]
[WhiteElo "1563"]
[BlackElo "2120"]

1.d4 Nf6 2.c4 g6 3.Nc3 Bg7 4.e4 d6 5.Nf3 O-O 6.Be2 Na6 7.O-O e5 8.d5 Nc5
9.Qc2 a5 10.a4 Nh5 11.Be3 b6 12.Rfe1 f5 13.exf5 Bxf5 14.Qd1 Nf4 15.Bc1 g5
16.Bf1 Bg4 17.h3 Nxh3+ 18.gxh3 Bxf3 19.Be2 Bxe2 20.Qxe2 Nb3 21.Ra3 Nd4 22.Qh5 Nf3+
23.Kf1 Nxe1 24.Kxe1 Qf6 25.Ne4 Qf5 26.f3 h6 27.Ke2 Rad8 28.Rc3 Qf7 29.Qg4 Qd7
30.Qh5 Rf7 31.Bd2 Rdf8 32.Rd3 Qxa4 33.b3 Qd7 34.b4 axb4 35.Bxb4 Qa4 36.Bxd6 Qc2+  0-1

[Event "4th Limpedea Cup"]
[Site "Baia Sprie ROU"]
[Date "2012.05.23"]
[Round "4.2"]
[White "Fodor,T jr"]
[Black "Smith,Bry"]
[Result "1/2-1/2"]
[WhiteElo "2502"]
[BlackElo "2444"]

1.d4 Nf6 2.c4 g6 3.Nc3 Bg7 4.e4 d6 5.Be2 O-O 6.Nf3 e5 7.dxe5 dxe5 8.Qxd8 Rxd8
9.Bg5 Re8 10.Rd1 Na6 11.Be3 c6 12.h3 Bf8 13.Nd2 Nc5 14.O-O a5 15.a3 a4 16.Rb1 Be6
17.Kh2 Nfd7 18.Rfc1 h5 19.g4 hxg4 20.hxg4 Kg7 21.Rh1 Be7 22.Kg2 f6 23.f3 Bf7
24.Rh2 Rh8 25.Rxh8 Kxh8 26.Rd1 Ne6 27.Nf1 Ndc5 28.Ng3 Kg7 29.Nh1 Be8 30.Nf2 Nb3
31.Bf1 Bc5 32.Bxc5 Nbxc5 33.Nd3 Bf7 34.Nxc5 Nxc5 35.Kf2 Kf8 36.Be2 Ke7 37.Rh1 Ra6
38.Rd1 Rb6 39.Rd2 Nb3 40.Rd1 Ra6 41.Rh1 Nc5 42.Rd1 Ra8 43.Rh1 Kf8 44.Rd1 Ke8
45.Rg1 Rd8 46.Ke3 Ke7 47.Rh1 Kf8 48.Rh8+ Bg8 49.Rh1 Ra8 50.Rd1 Be6 51.Rh1 g5
52.Rd1 Nb3 53.Rh1 Kg7 54.Bd3 Nd4 55.Ne2 Rd8 56.Nxd4 Rxd4 57.c5 Bb3  1/2-1/2

[Event "ch-UZB Major 2012"]
[Site "Tashkent UZB"]
[Date "2012.05.23"]
[Round "7"]
[White "Kvon,A"]
[Black "Khoroshev,N"]
[Result "1-0"]
[WhiteElo "2499"]
[BlackElo "2319"]

1.c4 Nf6 2.Nc3 g6 3.d4 Bg7 4.e4 d6 5.Nf3 O-O 6.Be2 e5 7.O-O Nbd7 8.Re1 Re8
9.Bf1 c6 10.d5 Qc7 11.Bd2 a6 12.b4 Bf8 13.a3 Nb6 14.Rc1 Bd7 15.a4 c5 16.a5 Nc8
17.Qb3 Rb8 18.h3 b6 19.axb6 Nxb6 20.bxc5 dxc5 21.Qa3 Ra8 22.Rb1 Reb8 23.Be3 Bd6
24.Nd2 Bc8 25.Bd3 Nbd7 26.Na4 Rb4 27.Rxb4 cxb4 28.Qa1 Nc5 29.Nxc5 Bxc5 30.Bxc5 Qxc5
31.Qxe5 Nd7 32.Qa1 Qc7 33.e5 Nc5 34.Qd4 a5 35.Ne4 Nxe4 36.Bxe4 a4 37.c5 Qa7
38.Qxb4 a3 39.Ra1 a2 40.c6 Bf5 41.Bxf5 gxf5 42.d6 Rb8 43.Rxa2  1-0

[Event "Salento Open 2012"]
[Site "Gallipoli ITA"]
[Date "2012.05.24"]
[Round "7"]
[White "Malakhatko,V"]
[Black "Mogranzini,R"]
[Result "0-1"]
[WhiteElo "2526"]
[BlackElo "2461"]

1.Nf3 Nf6 2.c4 g6 3.Nc3 Bg7 4.e4 d6 5.d4 O-O 6.Be2 e5 7.O-O exd4 8.Nxd4 Re8
9.f3 c6 10.Kh1 Nbd7 11.Bg5 Qb6 12.Nc2 Qxb2 13.Qd2 Nh5 14.Na4 Qe5 15.g4 Nhf6
16.Rae1 Qe7 17.Nc3 Nc5 18.Bf4 Rd8 19.Rd1 Ne8 20.Be3 b6 21.Rfe1 Bb7 22.Bf1 Nc7
23.Bg2 N7e6 24.f4 Ba6 25.Nb4 Bb7 26.g5 Nc7 27.Bd4 Bxd4 28.Qxd4 a5 29.Nc2 N7e6
30.Qf2 f6 31.Nd5 cxd5 32.exd5 fxg5 33.dxe6 Rf8 34.Bxb7 Qxb7+ 35.Qg2 Qxg2+
36.Kxg2 gxf4 37.Rxd6 f3+ 38.Kf1 Rae8 39.Nd4 Rf4 40.e7 Re4 41.Rxe4 Nxe4 42.Rd8 Kf7
43.Nc6 g5 44.Rd3 g4 45.Rd4 Nf6 46.Ne5+ Kxe7 47.Nxg4 Nxg4 48.Rxg4 Kd6 49.Rh4 Re2
50.a3 Kc5 51.Rxh7 Kxc4 52.h4 Ra2 53.Rc7+ Kd4 54.Rd7+ Ke3 55.Re7+ Kf4 56.h5 Rxa3
57.h6 Ra1+ 58.Kf2 Ra2+ 59.Kg1 Rg2+ 60.Kh1 Rg6 61.h7 Rh6+ 62.Kg1 a4 63.Kf2 b5
64.Rf7+ Ke4 65.Re7+ Kd4 66.Kxf3 b4 67.Re4+ Kc3 68.Re3+ Kb2 69.Re2+ Ka3  0-1

[Event "6th ENCI Limburg Open 2012"]
[Site "Limburg NED"]
[Date "2012.05.25"]
[Round "1.1"]
[White "Sokolov,Ivan"]
[Black "Sarrau,J"]
[Result "1-0"]
[WhiteElo "2680"]
[BlackElo "2287"]

1.d4 Nf6 2.c4 g6 3.Nc3 Bg7 4.e4 d6 5.Nf3 O-O 6.Be2 e5 7.O-O Na6 8.Be3 Ng4
9.Bg5 Qe8 10.h3 h6 11.Bh4 exd4 12.Nxd4 Nf6 13.Bf3 Nh7 14.g4 c6 15.Bg2 Be6
16.b3 Nc5 17.Qd2 a5 18.Rfe1 a4 19.b4 Na6 20.b5 Nc5 21.bxc6 bxc6 22.Nd5 Ra7
23.Rab1 Bd7 24.Ne7+ Kh8 25.Ndf5 Ng5 26.Bxg5 hxg5 27.Qxg5  1-0

[Event "29th BSG Pinkster Open"]
[Site "Bussum NED"]
[Date "2012.05.26"]
[Round "3.3"]
[White "De Ruiter,D"]
[Black "Ootes,La"]
[Result "0-1"]
[WhiteElo "2135"]
[BlackElo "2335"]

1.d4 g6 2.c4 Nf6 3.Nc3 Bg7 4.e4 d6 5.Nf3 O-O 6.Be2 Nbd7 7.O-O e5 8.Re1 c6
9.Bf1 a5 10.Be3 exd4 11.Nxd4 Nc5 12.f3 Nh5 13.Qd2 f5 14.exf5 gxf5 15.Rad1 f4
16.Bf2 Qg5 17.Ne4 Nxe4 18.Rxe4 Be5 19.Rde1 Nf6 20.R4e2 Re8 21.Nb3 a4 22.Nc1 Be6
23.Bd4 Nd7 24.Kh1 Rad8 25.Bxe5 Nxe5 26.Re4 Bf7 27.b3 axb3 28.axb3 d5 29.cxd5 Bxd5
30.Qxf4 Qxf4 31.Rxf4 Ng6 32.Rfe4 Bxe4 33.fxe4 Rd4 34.Bd3 Nf4 35.Bc4+ Kg7
36.g3 Rdxe4 37.Rxe4 Rxe4 38.gxf4 Re1+ 39.Kg2 Rxc1 40.Kf3 Kf6 41.Kg4 b5  0-1

[Event "31st OCF NAO FIDE Open"]
[Site "Stillwater USA"]
[Date "2012.05.26"]
[Round "2.2"]
[White "Crockett,J"]
[Black "Braunlich,T"]
[Result "1-0"]
[WhiteElo "2035"]
[BlackElo "2200"]

1.Nf3 d6 2.d4 Nf6 3.c4 g6 4.Nc3 Bg7 5.e4 O-O 6.Be2 e5 7.O-O Nbd7 8.Be3 Re8
9.d5 Nh5 10.Re1 Bf8 11.Nd2 Ng7 12.b4 f5 13.f3 f4 14.Bf2 g5 15.Nb3 h5 16.c5 Nf6
17.Rc1 Re7 18.a4 Nge8 19.a5 g4 20.b5 Rg7 21.b6 g3 22.hxg3 fxg3 23.Be3 Ng4
24.fxg4 Qh4 25.gxh5 Rf7 26.Bf3 Rxf3 27.Qxf3 Bg4 28.Qxg4+ Qxg4 29.c6 axb6
30.cxb7 Rd8 31.a6 Qxh5 32.Nd2 Rd7 33.Nf1 Rh7 34.Nxg3 Qh2+ 35.Kf2 Rf7+ 36.Nf5 Nf6
37.Nh6+ Bxh6 38.b8=Q+ Rf8 39.Qxf8+ Bxf8 40.a7 Ng4+ 41.Kf3 Qh5 42.a8=Q Nf6+
43.Kf2 Ng4+ 44.Ke2 Nxe3+ 45.Kxe3 Qh6+ 46.Kd3  1-0

[Event "Albena Masters Open 2012"]
[Site "Albena BUL"]
[Date "2012.05.27"]
[Round "2.7"]
[White "Schiendorfer,E"]
[Black "Spasov,V"]
[Result "0-1"]
[WhiteElo "2359"]
[BlackElo "2570"]

1.d4 Nf6 2.c4 g6 3.Nc3 Bg7 4.e4 d6 5.Nf3 O-O 6.Be2 e5 7.Be3 Ng4 8.Bg5 f6
9.Bh4 g5 10.Bg3 Nh6 11.c5 Nc6 12.cxd6 cxd6 13.dxe5 dxe5 14.Bc4+ Kh8 15.h3 Qe8
16.Qe2 f5 17.exf5 Nxf5 18.O-O g4 19.hxg4 Nxg3 20.fxg3 Bxg4 21.Bd5 Nd4 22.Qe4 Qh5
23.Nh4 Qg5 24.Rae1 Rad8 25.Rxf8+ Rxf8 26.Qe3 Qxe3+ 27.Rxe3 b5 28.Nf3 b4 29.Ne2 Rd8
30.Bc4 Bh6 31.Re4 Bxf3 32.gxf3 Nxf3+ 33.Kf2 Nd2 34.Rg4 Rf8+ 35.Kg2 Nf1 36.Kh3 Ne3
37.Re4 Rf1 38.g4 Rf3+ 39.Kh2 Nxc4  0-1

[Event "4th Limpedea Cup"]
[Site "Baia Sprie ROU"]
[Date "2012.05.30"]
[Round "11.3"]
[White "Shishkin,Va UKR"]
[Black "Szabo,Krisz1"]
[Result "1/2-1/2"]
[WhiteElo "2492"]
[BlackElo "2540"]

1.d4 Nf6 2.c4 g6 3.Nc3 Bg7 4.e4 d6 5.Be2 O-O 6.Nf3 e5 7.Be3 Ng4 8.Bg5 f6
9.Bh4 Nc6 10.d5 Ne7 11.Nd2 Nh6 12.f3 c5 13.dxc6 bxc6 14.b4 Be6 15.Nb3 d5
16.Bf2 d4 17.Na4 f5 18.Nac5 Bf7 19.a4 Kh8 20.O-O Nhg8 21.b5 Nf6 22.Bd3 Rc8
23.Nb7 Qc7 24.N7c5 Qd8 25.Nb7 Qc7 26.N7c5 Qd8 27.Nb7  1/2-1/2

[Event "TCh-FRA Top 12 2012"]
[Site "Belfort FRA"]
[Date "2012.05.31"]
[Round "1.4"]
[White "Bogner,S"]
[Black "Cossin,S"]
[Result "0-1"]
[WhiteElo "2569"]
[BlackElo "2507"]

1.d4 Nf6 2.c4 g6 3.Nc3 Bg7 4.e4 d6 5.Be2 O-O 6.Nf3 e5 7.Be3 exd4 8.Nxd4 Re8
9.f3 c6 10.Bf2 d5 11.exd5 cxd5 12.O-O Nc6 13.c5 Nh5 14.Qd2 Be5 15.g3 Ng7
16.Rfd1 Be6 17.Ndb5 a6 18.f4 Bb8 19.Nd6 Bxd6 20.cxd6 Nf5 21.Bf3 d4 22.Ne2 Qxd6
23.g4 Nfe7 24.Nxd4 Rad8 25.f5 Bd5 26.Nxc6 Qxc6 27.Rac1 Bxf3 28.Qxd8 Bxd1
29.Qxd1 Qe4 30.fxg6 hxg6 31.Qd4 Nc6 32.Qxe4 Rxe4 33.h3 Re2 34.Rb1 Rc2 35.a4 Ne5
36.b4 Nf3+ 37.Kg2 Ng5 38.Re1 Nxh3 39.Kxh3 Rxf2 40.Re7 Rf3+ 41.Kh4 b6 42.Rb7 Ra3
43.Rxb6 Rxa4 44.Kg5 Kg7 45.Rb7 Ra3 46.Ra7 Rf3 47.Rb7 Rb3 48.Rb6 Rf3 49.Rb7 Rd3
50.Kf4 Rd4+ 51.Kf3 Kf6 52.b5 a5 53.b6 Rb4 54.Ra7 a4 55.b7 Kg5 56.Rxa4 Rb3+
57.Kg2 Rxb7 58.Kg3 Rb3+ 59.Kg2 Kh4 60.Rf4 Rb7 61.Kf3 Rb3+ 62.Kg2 Rb2+ 63.Kf3 Rb7
64.Kf2 g5 65.Ra4 Rb6 66.Kg2 Rf6  0-1

[Event "Women's World Rapid Championship 2012"]
[Site "Batumi GEO"]
[Date "2012.06.01"]
[Round "6.3"]
[White "Huang Qian"]
[Black "Lahno,Kateri"]
[Result "1/2-1/2"]
[WhiteElo "2417"]
[BlackElo "2546"]

1.Nf3 g6 2.d4 Nf6 3.c4 Bg7 4.Nc3 O-O 5.e4 d6 6.Be2 Na6 7.O-O e5 8.Re1 Qe8
9.Bf1 Bg4 10.d5 Nb4 11.Be2 a5 12.Be3 Na6 13.Nd2 Bxe2 14.Qxe2 Nh5 15.Nf3 h6
16.Qd2 Kh7 17.Nb5 f5 18.exf5 gxf5 19.g3 f4 20.gxf4 Qg6+ 21.Kh1 Qe4 22.Qe2 Nxf4
23.Bxf4 Qxf4 24.Nd2 Qxf2 25.Ne4 Qxe2 26.Rxe2 Rf7 27.a3 Raf8 28.Kg2 Bf6 29.Rf1 Bd8
30.Rxf7+ Rxf7 31.Nbc3 Bh4 32.Re3 Kg6 33.Rf3 Rxf3 34.Kxf3 Kf5 35.b3 Be1 36.Nb5 h5
37.h3 Bh4 38.Nbxd6+ cxd6 39.Nxd6+ Kf6 40.Nxb7 Kf5 41.Nd6+ Kf6 42.Nb7 Kf5
43.Nd6+  1/2-1/2

[Event "TCh-FRA Top 12 2012"]
[Site "Belfort FRA"]
[Date "2012.06.01"]
[Round "2.4"]
[White "Lazarev,V"]
[Black "Relange,E"]
[Result "1/2-1/2"]
[WhiteElo "2438"]
[BlackElo "2472"]

1.d4 Nf6 2.c4 g6 3.Nc3 Bg7 4.e4 d6 5.Nf3 O-O 6.Be2 e5 7.Be3 Ng4 8.Bg5 f6
9.Bc1 Nc6 10.d5 Nd4 11.Nxd4 exd4 12.Nb5 f5 13.O-O Ne5 14.exf5 d3 15.Bxd3 Nxd3
16.Qxd3 Bxf5 17.Qe2 a6 18.Nc3 Qh4 19.Qd1 Qd8 20.Nb5  1/2-1/2

[Event "TCh-FRA Top 12 2012"]
[Site "Belfort FRA"]
[Date "2012.06.02"]
[Round "3.1"]
[White "Postny,E"]
[Black "Gharamian,T"]
[Result "1/2-1/2"]
[WhiteElo "2651"]
[BlackElo "2672"]

1.d4 Nf6 2.c4 g6 3.Nc3 Bg7 4.e4 d6 5.Nf3 O-O 6.Be2 e5 7.Be3 Nbd7 8.O-O Re8
9.d5 Ng4 10.Bg5 f6 11.Bd2 a5 12.Ne1 Nh6 13.Nd3 f5 14.a3 Nf6 15.f3 f4 16.c5 g5
17.cxd6 cxd6 18.Nf2 Bf8 19.g4 Nf7 20.Qb3 Nd7 21.Qc2 Nf6 22.Rfc1 Re7 23.Na4 h5
24.h3 hxg4 25.hxg4 Nh8 26.Qb3 Nd7 27.Rc3 Rh7 28.Rac1 b6 29.Qc2 Nc5 30.b4 axb4
31.axb4 Bd7 32.Nb2 Na4 33.Nxa4 Bxa4 34.Qb2 Be8 35.Qc2 Ba4 36.Qb2 Be8 37.Ra3 Rha7
38.Rxa7 Rxa7 39.b5 Qa8 40.Bc4 Ng6 41.Kf1 Rc7 42.Qb3 Qc8 43.Ke2 Bd7 44.Rc3 Be7
45.Bd3 Rxc3 46.Qxc3 Qxc3 47.Bxc3 Kf7 48.Nd1 Bd8 49.Be1 Ne7 50.Nb2 Nc8 51.Na4 Bc7
52.Bf2 Ke7 53.Kd2 Be8 54.Kc3 Kd8 55.Kb4 Bd7 56.Nc3 Ke7 57.Ka4 Kd8 58.Na2 Be8
59.Nb4 Bd7 60.Na6 Be8 61.Kb4 Bd7  1/2-1/2

[Event "TCh-FRA Top 12 2012"]
[Site "Belfort FRA"]
[Date "2012.06.02"]
[Round "3.5"]
[White "Krasenkow,M"]
[Black "Nataf,IA"]
[Result "1-0"]
[WhiteElo "2604"]
[BlackElo "2544"]

1.d4 Nf6 2.c4 g6 3.Nc3 Bg7 4.e4 d6 5.Nf3 O-O 6.Be2 e5 7.d5 Nbd7 8.Be3 a5
9.Nd2 Ne8 10.g4 Nc5 11.h4 f5 12.gxf5 gxf5 13.h5 Kh8 14.Qc2 Bf6 15.Rg1 Ne6
16.dxe6 f4 17.Bxf4 exf4 18.Bg4 Ng7 19.O-O-O Nxe6 20.Nf3 Qe7 21.Nd5 Qf7 22.Nxf6 Qxf6
23.Rd5 Ng7 24.e5 Qh6 25.exd6 Bxg4 26.Rxg4 cxd6 27.Qc3 Qf6 28.Qd3 Rac8 29.Ng5 Nf5
30.Ne4  1-0

[Event "1st Euro 2012 Open"]
[Site "Lviv UKR"]
[Date "2012.06.02"]
[Round "9"]
[White "Podolsky,A"]
[Black "Khrinovskyi,Oleksiy"]
[Result "1/2-1/2"]
[WhiteElo "2285"]
[BlackElo "2103"]

1.d4 Nf6 2.c4 g6 3.Nc3 Bg7 4.e4 d6 5.Nf3 O-O 6.Be2 e5 7.d5 a5 8.Bg5 h6 9.Bh4 Qe8
10.Nd2 Nh7 11.f3 h5 12.Bf2 Na6 13.a3 Bd7 14.b3 Bh6 15.Rb1 Qe7 16.O-O Qg5
17.Rb2 Bh3 18.Bg3 Qe3+ 19.Bf2 Qg5 20.Bg3 Qe3+ 21.Bf2  1/2-1/2

[Event "TCh-FRA Top 12 2012"]
[Site "Belfort FRA"]
[Date "2012.06.03"]
[Round "4.4"]
[White "Bogner,S"]
[Black "Nataf,IA"]
[Result "0-1"]
[WhiteElo "2569"]
[BlackElo "2544"]

1.d4 Nf6 2.c4 g6 3.Nc3 Bg7 4.e4 d6 5.Nf3 O-O 6.Be2 e5 7.Be3 exd4 8.Nxd4 Re8
9.f3 c6 10.Bf2 d5 11.exd5 cxd5 12.O-O Nc6 13.c5 Nh5 14.Qd2 Be5 15.g3 Ng7
16.Rfd1 Be6 17.Ndb5 a6 18.f4 axb5 19.fxe5 b4 20.Nb5 Bd7 21.Be3 Nxe5 22.Nd6 Re6
23.Qxd5 Bc6 24.Qd2 Qd7 25.Bd4 Rxd6 26.cxd6 Qh3 27.Bh5 Qxh5 28.Bxe5 Qxe5 29.Qd4 Qe2  0-1

[Event "FSIMA June 2012"]
[Site "Budapest HUN"]
[Date "2012.06.03"]
[Round "2.2"]
[White "Wang Xinyue"]
[Black "Galyas,M"]
[Result "0-1"]
[WhiteElo "2041"]
[BlackElo "2403"]

1.d4 Nf6 2.c4 g6 3.Nc3 Bg7 4.e4 d6 5.Nf3 O-O 6.Be2 e5 7.dxe5 dxe5 8.Qxd8 Rxd8
9.Bg5 Rf8 10.Nd5 Nxd5 11.cxd5 c6 12.Bc4 b5 13.Bb3 a5 14.dxc6 Nxc6 15.Bd5 Ra6
16.O-O h6 17.Rfc1 hxg5 18.Bxc6 g4 19.Ne1 Be6 20.Bxb5 Rd6 21.Nd3 Rb8 22.a4 Rxb5
23.axb5 Rxd3 24.Rxa5 Bh6 25.Rca1 Rb3 26.Ra8+ Kg7 27.Rb8 Rxb2 28.b6 Bd7 29.Kf1 Bc6
30.Ra7 Rb1+ 31.Ke2 Bb5+  0-1

[Event "TCh-FRA Top 12 2012"]
[Site "Belfort FRA"]
[Date "2012.06.04"]
[Round "5.5"]
[White "Demuth,A"]
[Black "Tirard,H"]
[Result "1-0"]
[WhiteElo "2423"]
[BlackElo "2478"]

1.d4 Nf6 2.c4 g6 3.Nc3 Bg7 4.e4 d6 5.Nf3 O-O 6.Be2 e5 7.Be3 Na6 8.d5 Ng4
9.Bg5 f6 10.Bh4 Nh6 11.O-O c5 12.Ne1 g5 13.Bg3 f5 14.exf5 Bxf5 15.Nc2 Bg6
16.Ne3 Qe8 17.Qd2 Nc7 18.Bd3 Rd8 19.Qc2 Bxd3 20.Qxd3 Rd7 21.Rab1 Re7 22.Ne4 Qg6
23.a3 Ne8 24.b4 b6 25.bxc5 dxc5 26.Rfd1 Nd6 27.Nxd6 Qxd6 28.a4 Rd7 29.a5 bxa5
30.Qa3 Bf6 31.Rb5 Rc8 32.Rxa5 Qe7 33.Ra6 Qf7 34.Qd3 Re8 35.Qe4 Bg7 36.Rc6 Bf8
37.Ng4 Nxg4 38.Qxg4 h6 39.h4 Qg7 40.hxg5 hxg5 41.Qh5  1-0

[Event "1st Grand Europe Open"]
[Site "Golden Sands BUL"]
[Date "2012.06.04"]
[Round "1.41"]
[White "Kanarek,M"]
[Black "Naroditsky,D"]
[Result "0-1"]
[WhiteElo "2484"]
[BlackElo "2479"]

1.d4 Nf6 2.c4 g6 3.Nc3 Bg7 4.e4 d6 5.Be2 O-O 6.Nf3 e5 7.O-O Na6 8.Be3 Ng4
9.Bg5 Qe8 10.dxe5 dxe5 11.Qc1 c6 12.Rd1 f6 13.Bh4 Nc5 14.h3 Nh6 15.Nh2 Ne6
16.Ng4 Nxg4 17.hxg4 Nd4 18.f3 f5 19.exf5 gxf5 20.Bd3 fxg4 21.fxg4 Bxg4 22.Re1 Qd7
23.Qg5 Bf5 24.Be4 Qe6 25.Bg3 Kh8 26.b3 Bf6 27.Qh6 Rae8 28.Rad1 Rg8 29.Qh2 Qf7  0-1

[Event "Campeonato Individual Madrid 2012"]
[Site "Madrid ESP"]
[Date "2012.06.04"]
[Round "2.1"]
[White "Anton Guijarro,D"]
[Black "Perez Gonzalez,Jo"]
[Result "1-0"]
[WhiteElo "2475"]
[BlackElo "2331"]

1.d4 Nf6 2.Nf3 g6 3.c4 Bg7 4.Nc3 O-O 5.e4 d6 6.Be2 e5 7.O-O Qe8 8.Re1 exd4
9.Nxd4 Nxe4 10.Nd5 Qd8 11.Bf3 Nxf2 12.Kxf2 Qh4+ 13.g3 Bxd4+ 14.Kg2 Qh3+ 15.Kh1 Nc6
16.Bg2 Qd7 17.Bg5 f6 18.Bh6 Rf7 19.Nxc7 Be5 20.Nxa8 b6 21.Qb3 Nd4 22.Qd3 Bb7
23.Rad1 Nf5 24.Bf4 Bxf4 25.gxf4 Rf8 26.Bxb7 Qxb7+ 27.Qd5+ Qxd5+ 28.cxd5 Rxa8
29.Rc1 Rf8 30.Rc7 Rf7 31.Re8+ Kg7 32.Rxf7+ Kxf7 33.Ra8 Ne3 34.Rxa7+ Ke8 35.Rxh7 Nxd5
36.f5 gxf5 37.h4 f4 38.Kg2 Nb4 39.h5 Kf8 40.a4 Nd3 41.Rb7 Nxb2 42.a5  1-0

[Event "Victory Day 2012"]
[Site "Moscow RUS"]
[Date "2012.06.04"]
[Round "4.2"]
[White "Khruschiov,A"]
[Black "Tilicheev,V"]
[Result "1/2-1/2"]
[WhiteElo "2421"]
[BlackElo "2387"]

1.d4 Nf6 2.c4 g6 3.Nc3 Bg7 4.e4 d6 5.Be2 O-O 6.Nf3 e5 7.O-O exd4 8.Nxd4 Re8
9.f3 Nc6 10.Be3 Nh5 11.Nxc6 bxc6 12.g4 Be5 13.gxh5 Bxh2+ 14.Kxh2 Qh4+ 15.Kg1 Qg3+
16.Kh1 Qh3+ 17.Kg1 Qg3+ 18.Kh1 Qh3+ 19.Kg1  1/2-1/2

[Event "TCh-FRA Top 12 2012"]
[Site "Belfort FRA"]
[Date "2012.06.05"]
[Round "6.4"]
[White "Giri,A"]
[Black "Hamdouchi,H"]
[Result "1/2-1/2"]
[WhiteElo "2693"]
[BlackElo "2627"]

1.d4 Nf6 2.c4 g6 3.Nc3 Bg7 4.e4 d6 5.Nf3 O-O 6.Be2 e5 7.O-O Na6 8.Be3 c6
9.d5 Ng4 10.Bg5 f6 11.Bh4 c5 12.Ne1 h5 13.h3 Nh6 14.Nd3 Kh7 15.Rb1 g5 16.Bg3 g4
17.hxg4 hxg4 18.Kh2 f5 19.exf5 Bxf5 20.Rh1 Qe8 21.Kg1 Qg6 22.a3 Kg8 23.Qd2 Nf7
24.Rf1 Bh6 25.Qd1 Rae8 26.Ne1 e4 27.Nc2 Ne5 28.Ne3  1/2-1/2

[Event "FSIMA June 2012"]
[Site "Budapest HUN"]
[Date "2012.06.05"]
[Round "4.3"]
[White "Kojima,S"]
[Black "Galyas,M"]
[Result "0-1"]
[WhiteElo "2264"]
[BlackElo "2403"]

1.Nf3 Nf6 2.c4 g6 3.Nc3 Bg7 4.e4 d6 5.d4 O-O 6.Be2 Nbd7 7.O-O e5 8.Be3 Re8
9.d5 Nh5 10.g3 Bf8 11.Nd2 Ng7 12.b4 f5 13.f3 f4 14.Bf2 fxg3 15.hxg3 Nh5 16.f4 exf4
17.Bxh5 gxh5 18.gxf4 Nf6 19.Bh4 Be7 20.Qf3 Ng4 21.Be1 Kh8 22.Ne2 Rg8 23.Kh1 Bf6
24.Rd1 Bd7 25.Nb3 Qe8 26.Nbd4 c6 27.Ng3 cxd5 28.cxd5 Rc8 29.Ngf5 Ba4 30.Rd2 Qd7
31.Rg1 Rc1 32.Qa3 Rgc8 33.b5 R8c3 34.Qxa4 Rh3+ 35.Kg2 Rh2+ 36.Kf3 Rc3+  0-1

[Event "TCh-FRA Top 12 2012"]
[Site "Belfort FRA"]
[Date "2012.06.06"]
[Round "7.5"]
[White "Lazarev,V"]
[Black "Migot,T"]
[Result "1/2-1/2"]
[WhiteElo "2438"]
[BlackElo "2257"]

1.d4 Nf6 2.c4 g6 3.Nc3 Bg7 4.e4 d6 5.Nf3 O-O 6.Be2 e5 7.Be3 Ng4 8.Bg5 f6
9.Bc1 Nc6 10.h3 exd4 11.Nxd4 Nge5 12.Nxc6 Nxc6 13.Be3 f5 14.exf5 Bxf5 15.Qd2 Qd7
16.Rd1 Nb4 17.O-O Nc2 18.Bh6 Nd4 19.Bxg7 Nxe2+ 20.Nxe2 Qxg7 21.b3 Qf7 22.Nc3 Rae8
23.Rfe1 a6 24.Qd4 Rxe1+ 25.Rxe1 Re8 26.Rxe8+ Qxe8 27.f4 Qe1+ 28.Kh2 h5 29.Nd5 h4
30.Qf6 Qg3+ 31.Kh1 Qe1+ 32.Kh2 Qg3+  1/2-1/2